| 000 | 00415nam a22001577a 4500 | ||
|---|---|---|---|
| 003 | macl | ||
| 005 | 20230224130556.0 | ||
| 008 | 230224b |||||||| |||| 00| 0 eng d | ||
| 040 | _cmacl | ||
| 082 | _a150/LEY | ||
| 100 |
_aJoel Levy _981761 |
||
| 245 |
_aPsychology for busy People _beverything You really should know |
||
| 260 |
_aLondon _bmichael O'Mara Books _c2019 |
||
| 650 | _aPsychology | ||
| 942 |
_2ddc _cBK |
||
| 999 |
_c65924 _d65924 |
||